Eastern Utah Libraries Catalog: Duchesne, Heber, Roosevelt, & Vernal

Bull. Season 1 (Record no. 233171)

MARC details
000 -LEADER
fixed length control field 03637ngm a2200673M 4500
001 - CONTROL NUMBER
control field on1022899344
003 - CONTROL NUMBER IDENTIFIER
control field OCoLC
005 - DATE AND TIME OF LATEST TRANSACTION
control field 20251218121050.0
008 - FIXED-LENGTH DATA ELEMENTS--GENERAL INFORMATION
fixed length control field 180212s2017 cau--- vleng d
024 1# - OTHER STANDARD IDENTIFIER
Standard number or code 032429277787
024 1# - OTHER STANDARD IDENTIFIER
Standard number or code 032429277794
028 42 - PUBLISHER NUMBER
Publisher number 59189786000
028 42 - PUBLISHER NUMBER
Publisher number 2078207
Source Paramount Home Entertainment
028 42 - PUBLISHER NUMBER
Source Paramount Home Entertainment
035 ## - SYSTEM CONTROL NUMBER
System control number (OCoLC)1022899344
040 ## - CATALOGING SOURCE
Original cataloging agency KB8
Language of cataloging eng
Description conventions rda
Transcribing agency KB8
Modifying agency KB8
-- UINTA
049 ## - LOCAL HOLDINGS (OCLC)
Holding library UCLB
050 #4 - LIBRARY OF CONGRESS CALL NUMBER
Classification number PN1992.77
Item number .B855 2017
082 04 - DEWEY DECIMAL CLASSIFICATION NUMBER
Classification number 791.45/75
Edition number 23
092 ## - LOCALLY ASSIGNED DEWEY CALL NUMBER (OCLC)
Item number DVD
245 00 - TITLE STATEMENT
Title Bull. Season 1
264 #2 - Production, Publication, Distribution, Manufacture, and Copyright Notice.
Place of production, publication, distribution, manufacture Hollywood, California :
Name of producer, publisher, distributor, manufacturer Paramount Home Entertainment, CBS Television Studios.
Date of production, publication, distribution, manufacture, or copyr 2017.
300 ## - PHYSICAL DESCRIPTION
Extent 6 videodiscs (approximately 974 min.) :
Other physical details sound, color ;
Dimensions 4 3/4 in.
336 ## - Content Type
Content type term two-dimensional moving image
337 ## - Media type
Media type term video
338 ## - Carrier type
Carrier type term videodisc
500 ## - GENERAL NOTE
General note Created by Paul Attanasio & Phillip C. McGraw.
500 ## - GENERAL NOTE
General note Originally broadcast on television in 2016-2017.
500 ## - GENERAL NOTE
General note Special features: Launch promos ; season one featurette ; "See you in court" ; featurette on Michael Weatherly ; gag reel ; deleted scenes.
505 0# - FORMATTED CONTENTS NOTE
Formatted contents note Disc 1. The necklace -- The woman in 8D -- Unambiguous -- Callisto -- disc 2. Just tell the truth -- Bedside manner -- Never saw the sign -- Too perfect -- disc 3. Light my fire -- E.J. -- Teacher's pet -- Stockholm syndrome -- disc 4. The fall -- It's classified -- What's your number? -- Free fall -- disc 5. Name game -- Dressed to kill -- Bring it on -- Make me -- disc 6. How to dodge a bullet -- Dirty little secrets -- Benevolent deception.
508 ## - CREATION/PRODUCTION CREDITS NOTE
Creation/production credits note Writers include Paul Attanasio, Phillip C. McGraw ; directors include Brad Turner ; music by Jeff Russo.
511 1# - PARTICIPANT OR PERFORMER NOTE
Participant or performer note Michael Weatherly, Freddy Rodriguez, Geneva Carr, Jaime Lee Kirchner, Annabelle Attanasio, Christopher Jackson ; guest stars include Dena Tyler, Trieste Kelly Dunn, Tiffany Villarin, Sarah Steele, Jill Flint, Yara Martinez, Holly Curran, Toby Leonard Moore, Frank Whaley, Paulina Porizkova, J. Alexander, Simon Doonan, Jessica Perez, Isaiah Washington, Brendan Dooling, Eliza Dushku, Parker Stevenson, Dan Shor, Lawrence Ballard, Armando Riesco, Annabella Sciorra.
520 ## - SUMMARY, ETC.
Summary, etc Brilliant, brash, and charming, Dr. Bull is the ultimate puppet master as he combines psychology, human intuition, and high-tech data to learn what makes jurors, attorneys, witnesses, and the accused tick.
521 8# - TARGET AUDIENCE NOTE
Target audience note Rating: Not rated.
538 ## - SYSTEM DETAILS NOTE
System details note DVD, region 1, widescreen (16:9) presentation; Dolby digital 5.1, Dolby digital stereo.
546 ## - LANGUAGE NOTE
Language note In English with optional English subtitles; closed-captioned.
650 #0 - SUBJECT ADDED ENTRY--TOPICAL TERM
Topical term or geographic name as entry element Consulting firms
Form subdivision Drama.
9 (RLIN) 5799524
650 #0 - SUBJECT ADDED ENTRY--TOPICAL TERM
Topical term or geographic name as entry element DVD.
655 #4 - INDEX TERM--GENRE/FORM
Genre/form data or focus term Legal television programs.
9 (RLIN) 5740072
655 #4 - INDEX TERM--GENRE/FORM
Genre/form data or focus term Fiction television programs.
9 (RLIN) 5673656
655 #4 - INDEX TERM--GENRE/FORM
Genre/form data or focus term Video recordings for the hearing impaired.
655 #7 - INDEX TERM--GENRE/FORM
Genre/form data or focus term Television series.
Source of term lcgft
700 1# - ADDED ENTRY--PERSONAL NAME
Personal name Weatherly, Michael,
9 (RLIN) 6169366
700 1# - ADDED ENTRY--PERSONAL NAME
Personal name Attanasio, Paul,
9 (RLIN) 6557781
700 1# - ADDED ENTRY--PERSONAL NAME
Personal name McGraw, Phillip C.,
9 (RLIN) 6557782
700 1# - ADDED ENTRY--PERSONAL NAME
Personal name Rodriguez, Freddy,
9 (RLIN) 6557783
700 1# - ADDED ENTRY--PERSONAL NAME
Personal name Carr, Geneva.
9 (RLIN) 6386798
700 1# - ADDED ENTRY--PERSONAL NAME
Personal name Kirchner, Jaime Lee,
9 (RLIN) 6557784
700 1# - ADDED ENTRY--PERSONAL NAME
Personal name Attanasio, Annabelle.
9 (RLIN) 6370208
700 1# - ADDED ENTRY--PERSONAL NAME
Personal name Jackson, Christopher
Titles and other words associated with a name (Vocalist)
9 (RLIN) 5906097
700 1# - ADDED ENTRY--PERSONAL NAME
Dates associated with a name 1981-
700 1# - ADDED ENTRY--PERSONAL NAME
Dates associated with a name 1975-
9 (RLIN) 5905058
700 1# - ADDED ENTRY--PERSONAL NAME
Dates associated with a name 1950-
9 (RLIN) 6557785
700 1# - ADDED ENTRY--PERSONAL NAME
Dates associated with a name 1959-
9 (RLIN) 6557786
700 1# - ADDED ENTRY--PERSONAL NAME
Dates associated with a name 1968-
Relator term actor.
9 (RLIN) 5986358
710 2# - ADDED ENTRY--CORPORATE NAME
Corporate name or jurisdiction name as entry element Paramount Home Entertainment (Firm)
9 (RLIN) 72161
710 2# - ADDED ENTRY--CORPORATE NAME
Corporate name or jurisdiction name as entry element CBS Studios Inc.
Relator term publisher.
9 (RLIN) 5712525
942 ## - ADDED ENTRY ELEMENTS (KOHA)
Source of classification or shelving scheme Dewey Decimal Classification
Koha item type DVD
Holdings
Withdrawn status Lost status Source of classification or shelving scheme Materials specified (bound volume or other part) Damaged status Not for loan Collection code Home library Current library Shelving location Date acquired Source of acquisition Cost, normal purchase price Total Checkouts Total Renewals Full call number Barcode Date last seen Date checked out Cost, replacement price Price effective from Koha item type
    Dewey Decimal Classification .CIRCNOTE. 6 discs     Television Series Wasatch County Library Wasatch County Library Audio Visual Area 10/16/2018 Amazon 16.95 8 4 TV Series Bull #1 34301001564873 11/24/2025 11/18/2025 16.95 03/20/2020 DVD Series
This project was made possible through a grant from the Institute of Museum and Library Service administered by the Utah State Library Division.

Wasatch County Library

  • 465 East 1200 South, Heber City, Utah 84032
  • Phone 435-654-1511 | Fax 435-654-6456

Hours

  • Monday - Friday 9:30 AM - 8:00 PM
  • Saturday 9:30 AM - 1:30 PM
  • Closed Sundays and Holidays